Ukraińskie obwody - Statystyki

Ogólne statystyki
  • Ten quiz został rozwiązany 16 razy
  • Średni wynik to 16 z 27
Statystyki odpowiedzi
Obwód % Poprawnych
Kijowski
100%
Lwowski
100%
Miasto Kijów
100%
Autonomiczna Republika Krymu
89%
Charkowski
89%
Doniecki
89%
Odeski
78%
Ługański
67%
Rówieński
67%
Tarnopolski
67%
Wołyński
67%
Chersoński
56%
Miasto Sewastopol
56%
Sumski
56%
Chmielnicki
44%
Czerkaski
44%
Czernihowski
44%
Winnicki
44%
Zakarpacki
44%
Zaporoski
44%
Dniepropetrowski
33%
Iwanofrankiwski
33%
Kirowohradzki
33%
Mikołajowski
33%
Połtawski
33%
Źytomierski
33%
Czerniowiecki
22%
Nie znaleziono quizów pasujących do podanych kryteriów
Rozkład punktacji
Procent ludzi z każdym wynikiem
Percentyl według liczby udzielonych odpowiedzi
Twoja historia wyników
Nie rozwiązałeś tego quizu